Kniha faktov 1993
Enregistré dans:
| Format: | Livre |
|---|---|
| Langue: | slovaque |
| Publié: |
Bratislava
Podnik výpočtovej techniky
1994
|
| Sujets: | |
| Tags: |
Pas de tags, Soyez le premier à ajouter un tag!
|
MARC
| LEADER | 00000nam a2200000 4500 | ||
|---|---|---|---|
| 001 | c005658 | ||
| 005 | 20221221131922.9 | ||
| 020 | |a 80-967158-0-1 | ||
| 041 | 0 | |a slo | |
| 044 | |a SK | ||
| 245 | 1 | 0 | |a Kniha faktov 1993 |
| 264 | 1 | |a Bratislava |b Podnik výpočtovej techniky |c 1994 | |
| 300 | |a 599-1232 s. | ||
| 610 | 2 | 0 | |a privatizácia |
| 610 | 2 | 0 | |a Slovensko |
| 610 | 2 | 0 | |a spoločnosti akciové |
| 610 | 2 | 0 | |a papiere cenné |
| 610 | 2 | 0 | |a akcie |
| 610 | 2 | 0 | |a akcionári |
| 610 | 2 | 0 | |a aukcie |